000 00476nam a22001577a 4500
003 OSt
005 20150916092043.0
008 150916b xxu||||| |||| 00| 0 eng d
040 _cRUA
082 _aAGR SIM 2001 B027 Or.1
100 _9556
_aSIM, CHHUNLUY.
245 _amulberry plnting in siemreap( ការដាំដុះដំណាំមននៅខេត្តសៀមរៀប)
260 _aPhnom Penh
_bRUA
_c2001
300 _a52p.
_bill.
_c29cm.
942 _2ddc
_cAGR
999 _c533
_d533